|
|
|
|
| LEADER |
01071nam a22003134a 4500 |
| 001 |
5814 |
| 003 |
BD-DhAAL |
| 005 |
20150617113213.0 |
| 008 |
150617s2004 nyu 001 0 eng |
| 010 |
|
|
|a 2004047683
|
| 020 |
|
|
|a 0345471865 (hbk.)
|
| 020 |
|
|
|a 0345471873 (pbk.)
|
| 040 |
|
|
|a DLC
|c DLC
|d DLC
|d BD-DhAAL
|
| 050 |
0 |
0 |
|a HF5549.5.D55
|b M33 2004
|
| 082 |
0 |
0 |
|a 650.14
|2 22
|
| 100 |
1 |
|
|a Mackay, Harvey.
|9 12234
|
| 245 |
1 |
0 |
|a We got fired!-- and it's the best thing that ever happened to us /
|c Harvey Mackay.
|
| 246 |
1 |
|
|a We got fired!
|
| 250 |
|
|
|a 1st ed.
|
| 260 |
|
|
|a New York :
|b Ballantine Books,
|c c2004.
|
| 300 |
|
|
|a xvii, 347 p. ;
|c 25 cm.
|
| 500 |
|
|
|a Includes indexes.
|
| 541 |
|
|
|e 5814
|
| 650 |
|
0 |
|a Employees
|x Dismissal of
|v Case studies.
|9 12235
|
| 650 |
|
0 |
|a Job hunting
|v Case studies.
|9 12236
|
| 650 |
|
0 |
|a Vocational guidance.
|9 12237
|
| 942 |
|
|
|2 ddc
|c BK
|
| 999 |
|
|
|c 34769
|d 34769
|
| 952 |
|
|
|0 0
|1 0
|2 ddc
|4 0
|6 650_140000000000000_MAC
|7 0
|9 54380
|a SCL
|b SCL
|c GEN
|d 2015-06-17
|g 1600.00
|l 1
|m 2
|o 650.14 MAC
|p 3020005814
|r 2019-07-09
|s 2019-05-26
|t 1
|w 2015-06-17
|y BK
|